Cái đẹp trong cuộc sống và trong nghệ thuật

Đã lưu trong:
書目詳細資料
主要作者: Như Thiết
格式: 圖書
語言:Undetermined
出版: H. KHXH 2002
主題:
標簽: 添加標簽
沒有標簽, 成為第一個標記此記錄!
Thư viện lưu trữ: Trung tâm Học liệu Trường Đại học Cần Thơ
LEADER 00501nam a2200181Ia 4500
001 CTU_54480
008 210402s9999 xx 000 0 und d
020 |b 46000 
082 |a 324.2597075 
082 |b Nh550 
100 |a Như Thiết 
245 0 |a Cái đẹp trong cuộc sống và trong nghệ thuật 
245 0 |c Như Thiết 
260 |a H. 
260 |b KHXH 
260 |c 2002 
650 |a communist aesthetics 
980 |a Trung tâm Học liệu Trường Đại học Cần Thơ